British Prime Ministers by their first name - Statistics

General Stats
  • This quiz has been taken 80 times
  • The average score is 18 of 21
Answer Stats
Dates de mandat Reine / Roi Prénom Nom % Correct
1940-1945 George VI Winston Churchill
100%
1951-1955 George VI puis Elizabeth II Winston Churchill
100%
1997-2007 Elizabeth II Tony Blair
99%
2019-2022 Elizabeth II Boris Johnson
99%
2017-2019 Elizabeth II Theresa May
99%
1979-1990 Elizabeth II Margaret Thatcher
99%
2022-2024 Charles III Rishi Sunak
96%
2010-2016 Elizabeth II David Cameron
94%
1937-1940 George VI Neville Chamberlain
93%
2022-2022 Elizabeth II puis Charles III Liz Truss
93%
2007-2010 Elizabeth II Gordon Brown
90%
1945-1951 George VI Clement Attlee
86%
2024- Charles III Keir Starmer
83%
1990-1997 Elizabeth II John Major
81%
1955-1957 Elizabeth II Anthony Eden
78%
1970-1974 Elizabeth II Edward Heath
69%
1964-1970 Elizabeth II Harold Wilson
69%
1974-1976 Elizabeth II Harold Wilson
69%
1957-1963 Elizabeth II Harold Macmillan
68%
1976-1979 Elizabeth II James Callaghan
63%
1963-1964 Elizabeth II Alec Douglas-Home
51%
No matching quizzes found
Score Distribution
Percent of People with Each Score
Percentile by Number Answered
Your Score History
You have not taken this quiz